000 00601cam a22002291 4500
001 ne 68002771
003 DLC
005 20260227111844.0
008 881018q xx 000 0 per
010 _ane 68002771
035 _a(OCoLC)23564090
040 _aDLC
_cMiU
_dDLC
042 _apremarc
050 0 0 _aPK6465
_b.Z83
100 1 _aBāmdād, Muḥammad ʻAlī,
_d1884 or 1885-1951 or 1952.
245 1 0 _aḤāfiẓ-shināsī.
260 _c[19-]
300 _a174 p.
_c25 cm.
500 _aRomanized.
600 0 0 _aḤāfiẓ,
_dactive 14th century.
740 0 _aIlhāmāt-i Khvājah.
999 _c50606
_d50606